MARC details
| 000 -LEADER |
| fixed length control field |
01917nam a22002777a 4500 |
| 005 - DATE AND TIME OF LATEST TRANSACTION |
| control field |
20240130121315.0 |
| 020 ## - INTERNATIONAL STANDARD BOOK NUMBER |
| International Standard Book Number |
9780733341571 |
| 040 ## - CATALOGING SOURCE |
| Original cataloging agency |
FISKH |
| Language of cataloging |
eng |
| Transcribing agency |
FISKH |
| Modifying agency |
FISKH |
| 082 ## - DEWEY DECIMAL CLASSIFICATION NUMBER |
| Classification number |
808.3 |
| 100 ## - MAIN ENTRY--PERSONAL NAME |
| Personal name |
Reinecke, Carl |
| 245 ## - TITLE STATEMENT |
| Title |
Books that made us : |
| Statement of responsibility, etc. |
Carl Reinecke foreword by Claudia Karavan |
| 260 ## - PUBLICATION, DISTRIBUTION, ETC. |
| Place of publication, distribution, etc. |
Sydney : |
| Name of publisher, distributor, etc. |
HarperCollins ; |
| Date of publication, distribution, etc. |
2021 |
| 300 ## - PHYSICAL DESCRIPTION |
| Extent |
368 pages : |
| Dimensions |
24 cm. |
| 520 ## - SUMMARY, ETC. |
| Summary, etc. |
A cultural history of Australia told through our fiction. Australia's novels lie at the heart of the country. Capturing everyday lives and exceptional dreams, they have held up a mirror to the nation, reflecting the good and the bad. In this companion book to the ABC TV series, Carl Reinecke looks at the history of Australian culture through the books we have read and the stories we have told. Touching on colonial invasion, the bush myth, world wars, mass migration, the recognition of Indigenous sovereignty and the emergence of a modern, global, multicultural nation Carl examines how these pivotal events and persuasive ideas have shaped some of Australia's most influential novels, and how these books, in turn, made us. In a panoramic account of Australian fiction stretching from Marcus Clarke to Melissa Lucashenko, Patrick White to Peter Carey, and Henry Handel Richardson to Michelle de Kretser, this is a new history of key authors and compelling books that have kept us reading and made a difference for over 200 years. |
| 650 ## - SUBJECT ADDED ENTRY--TOPICAL TERM |
| Topical term or geographic name entry element |
Biography, Literature & Literary studies |
| 650 ## - SUBJECT ADDED ENTRY--TOPICAL TERM |
| Topical term or geographic name entry element |
Literary studies: general |
| 650 ## - SUBJECT ADDED ENTRY--TOPICAL TERM |
| Topical term or geographic name entry element |
2D graphics: games programming |
| 650 ## - SUBJECT ADDED ENTRY--TOPICAL TERM |
| Topical term or geographic name entry element |
Biography & Autobiography - Literary |
| 650 ## - SUBJECT ADDED ENTRY--TOPICAL TERM |
| Topical term or geographic name entry element |
Biography: literary |
| 650 ## - SUBJECT ADDED ENTRY--TOPICAL TERM |
| Topical term or geographic name entry element |
Literature: history & criticism |
| 650 ## - SUBJECT ADDED ENTRY--TOPICAL TERM |
| Topical term or geographic name entry element |
Literary Criticism - Books & Reading |
| 650 ## - SUBJECT ADDED ENTRY--TOPICAL TERM |
| Topical term or geographic name entry element |
Literary studies: fiction, novelists & prose writers |
| 650 ## - SUBJECT ADDED ENTRY--TOPICAL TERM |
| Topical term or geographic name entry element |
Australasian & Pacific history |
| 942 ## - ADDED ENTRY ELEMENTS (KOHA) |
| Source of classification or shelving scheme |
Dewey Decimal Classification |
| Koha item type |
Books |
| Suppress in OPAC |
No |
| 999 ## - |
| -- |
3002 |
| -- |
3002 |